Ümumi elektrotexnika ilə elektronikanın əsasları (Record no. 411)

MARC details
000 -LEADER
fixed length control field 02839nam a2200337 4500
003 - CONTROL NUMBER IDENTIFIER
control field OSt
005 - DATE AND TIME OF LATEST TRANSACTION
control field 20260512074530.0
008 - FIXED-LENGTH DATA ELEMENTS--GENERAL INFORMATION
fixed length control field 260512b |||||||| |||| 00| 0 aze d
040 ## - CATALOGING SOURCE
Original cataloging agency AZ-XaKU
Language of cataloging aze
Transcribing agency AZ-XaKU
041 0# - LANGUAGE CODE
Language code of text/sound track or separate title aze
050 14 - LIBRARY OF CONGRESS CALL NUMBER
Classification number TK146 .K5282 2007
100 1# - MAIN ENTRY--PERSONAL NAME
Personal name Xıdırov, Həsən,
Relator term müəllif.
245 1# - TITLE STATEMENT
Title Ümumi elektrotexnika ilə elektronikanın əsasları
Remainder of title : şərhlər və testlər
Statement of responsibility, etc. / Həsən Xıdırov ; redaktor O.H.Mirzəyev ; rəyçilər Ə.M.Quluyev, R.K.Quluzadə
264 ## - PRODUCTION, PUBLICATION, DISTRIBUTION, MANUFACTURE, AND COPYRIGHT NOTICE
Place of production, publication, distribution, manufacture Bakı:
Date of production, publication, distribution, manufacture, or copyright notice 2007.
300 ## - PHYSICAL DESCRIPTION
Extent 320 səhifə;
Other physical details şəkil,
Dimensions 20 sm.
336 ## - CONTENT TYPE
Content type term text
Content type code txt
Source rdacontent
337 ## - MEDIA TYPE
Media type term unmediated
Media type code n
Source rdamedia
338 ## - CARRIER TYPE
Carrier type term volume
Carrier type code nc
Source rdacarrier
500 ## - GENERAL NOTE
General note Azərbaycan Respublikası Təhsil Nazirliyinin Energetika Elmi Metodiki Şurasının 03-04/450 saylı 23.04.2007-ci il tarixli qərarı ilə təsdiq edilmişdir. Protokol №6
504 ## - BIBLIOGRAPHY, ETC. NOTE
Bibliography, etc. note Ədəbiyyat siyahısı: s. 314-315
505 0# - Formatted Contents Note
Formatted contents note I Fəsil. Elektrik sahəsi ; I hissə. Ümumi elektrotexnika -- II Fəsil. Sabit cərəyan dövrələri -- III Fəsil. Elektromaqnetizm -- IV Fəsil. Sabit cərəyan elektrik maşınları -- V Fəsil. Bir fazalı sinusoidal dəyişən cərəyan dövrələri -- VI Fəsil. Üçfazalı cərəyan dövrələri -- VII Fəsil. Elektrotexniki ölçmələr və cihazlar -- VIII Fəsil. Transformatorlar -- IX Fəsil. Dəyişən cərəyan maşınları -- X Fəsil. Elektrik intiqalı və idarə aparatları -- XI Fəsil. Elektrik enerjisinin ötürülməsi və paylanması -- II hissə. Elektronikanın əsasları ; XII Fəsil. Elektron və İon cihazları -- XIII Fəsil. Yarımkeçirici cihazlar -- XIV Fəsil. Fotoelektron cihazları -- XV Fəsil. Dəyişən cərəyanın düzləndirilməsi -- XVI Fəsil. Alçaq tezlikli gücləndiricilər -- XVII Fəsil. Elektron generatorları.
520 0# - SUMMARY, ETC.
Summary, etc. Dərs vəsaiti orta ixtisas məktəblərinin tələbələri üçün nəzərdə tutulmuşdur. Ona görə də test sual və məsələlərini tərtib etməmişdən öncə elektrik və maqnit dövrələrindəki proseslərin fiziki mahiyyətinin izahına diqqət yetirilmiş, elektrotexnikanın əsas qanunları şərh olunmuş, elektrotexniki terminlər, şərti işarələr, əsas ölçü vahidləri göstərilmişdir. Onların yadda möhkəmləndirməsi üçün test məsələlərinin həlli metodları verilmişdir.
521 ## - TARGET AUDIENCE NOTE
Target audience note Kitabdan öz bilik dairələrini müstəqil artırmaq və yoxlamaq məqsədi ilə elmin bu sahəsinə maraq göstərən müəllim və tələbələrlə yanaşı, mühəndis və texniki işçilər də faydalana bilərlər.
650 #7 - SUBJECT ADDED ENTRY--TOPICAL TERM
Topical term or geographic name entry element Fizika
Source of heading or term AZ-XaKU
655 0# - INDEX TERM--GENRE/FORM
Source of term Az-XaKU
Genre/form data or focus term Dərs vəsaiti
700 1# - ADDED ENTRY--PERSONAL NAME
Personal name Mirzəyev, O.H.,
Relator term redaktor.
700 1# - ADDED ENTRY--PERSONAL NAME
Personal name Quluyev, Ə.M.,
Relator term rəyçi.
700 1# - ADDED ENTRY--PERSONAL NAME
Personal name Quluzadə, R.K.,
Relator term rəyçi.
942 ## - ADDED ENTRY ELEMENTS (KOHA)
Koha item type Book

No items available.